000 00326nam a2200133Ia 4500
008 240624s9999 xx 000 0 und d
041 _aeng
082 _a658.4012 CLE
100 _aCLEGG STEWART R
245 _aSTRATEGY THEORY AND PRACTICE
260 _c2012
_aNew Delhi
_bSage India
300 _a488 : p.
365 _cRS
_b38
999 _c25296
_d25296